000 00222as aa2200097a 44500
090 _aSERIADAS
_b00950
245 1 0 _aRevista Ceres
260 _bUniversidad Federal de Vicosa
_aBrasil
041 0 _aPortugués
942 _cREVISTA
999 _c17080
_d17080